000 00565cam a22002053a 4500
001 33537
003 PGUSA
005 20140828083726.0
008 100826s2010||||xxu|||||s|||||000 | eng d
040 _aPGUSA
_beng
042 _adc
100 1 _aMorris, Clara,
_d1848-1925
245 1 0 _aLife on the Stage
_h[electronic resource] /
_cClara Morris
260 _bProject Gutenberg,
_c2010
506 _aPublic domain in the USA.
516 _aElectronic text
830 0 _aProject Gutenberg
_v33537
856 4 0 _uhttp://www.gutenberg.org/ebooks/33537
942 _cEB
999 _c262792
_d262792